<?xml version="1.0" encoding="UTF-8"?>
<collection xmlns="http://www.loc.gov/MARC21/slim">
 <record>
  <leader>00990cam a2200229 7i4500</leader>
  <controlfield tag="001">0000005857</controlfield>
  <controlfield tag="005">20220216090000.0</controlfield>
  <controlfield tag="008">220216b1990    enka   ###   #00001eng##</controlfield>
  <datafield tag="020" ind1="#" ind2="#">
   <subfield code="a">9711022834 </subfield>
  </datafield>
  <datafield tag="040" ind1="#" ind2="#">
   <subfield code="a">UMT</subfield>
  </datafield>
  <datafield tag="090" ind1="0" ind2="0">
   <subfield code="a">SH 157.85 .A7 </subfield>
   <subfield code="b">A791 1990</subfield>
  </datafield>
  <datafield tag="245" ind1="0" ind2="0">
   <subfield code="a">Artificial reefs for marine habitat enhancement in Southeast Asia  </subfield>
   <subfield code="c">Alan T. White .</subfield>
  </datafield>
  <datafield tag="264" ind1="#" ind2="0">
   <subfield code="a">Manila: </subfield>
   <subfield code="b">International Center for Living Aquatic Resources Management, </subfield>
   <subfield code="c">1990.</subfield>
  </datafield>
  <datafield tag="300" ind1="#" ind2="#">
   <subfield code="a">45 pages: </subfield>
   <subfield code="b">illustrations.; </subfield>
   <subfield code="c">23 cm.</subfield>
  </datafield>
  <datafield tag="490" ind1="0" ind2="#">
   <subfield code="a">Education series; </subfield>
   <subfield code="v">no.7</subfield>
  </datafield>
  <datafield tag="650" ind1="#" ind2="0">
   <subfield code="a">Fish habitat improvement -- </subfield>
   <subfield code="z">Asia, Southeastern </subfield>
  </datafield>
  <datafield tag="650" ind1="#" ind2="0">
   <subfield code="a">Artificial reefs -- </subfield>
   <subfield code="z">Asia, Southeastern. </subfield>
  </datafield>
  <datafield tag="700" ind1="0" ind2="#">
   <subfield code="a">White, Alan T. </subfield>
  </datafield>
  <datafield tag="710" ind1="0" ind2="#">
   <subfield code="a">Association of Southeast Asian Nations </subfield>
  </datafield>
  <datafield tag="710" ind1="0" ind2="#">
   <subfield code="a">United States.Coastal Resources Management Project. </subfield>
  </datafield>
  <datafield tag="830" ind1="#" ind2="0">
   <subfield code="a">Education series (Association of Southeast Asian Nations/United States Coastal Resources Management Project) no.7</subfield>
  </datafield>
  <datafield tag="999" ind1=" " ind2=" ">
   <subfield code="a">1000233350</subfield>
   <subfield code="b">Book</subfield>
   <subfield code="c">Koleksi Maritim</subfield>
   <subfield code="e">KOLEKSI MARITIM</subfield>
  </datafield>
 </record>
</collection>
